| 000 -LEADER |
| fixed length control field |
01236nam a22002297a 4500 |
| 003 - CONTROL NUMBER IDENTIFIER |
| control field |
OSt |
| 005 - DATE AND TIME OF LATEST TRANSACTION |
| control field |
20260122192620.0 |
| 008 - FIXED-LENGTH DATA ELEMENTS--GENERAL INFORMATION |
| fixed length control field |
230711b ||||| |||| 00| 0 eng d |
| 040 ## - CATALOGING SOURCE |
| Transcribing agency |
SSBUL |
| 041 ## - LANGUAGE CODE |
| Language code of text/sound track or separate title |
Shan |
| 082 ## - DEWEY DECIMAL CLASSIFICATION NUMBER |
| Classification number |
959.116 |
| 100 ## - MAIN ENTRY--PERSONAL NAME |
| Personal name |
ဢေးမွင်ႇ (ႁူဝ်ပၢင်ႇလူင်) |
| Titles and words associated with a name |
ၸၢႆး |
| 245 ## - TITLE STATEMENT |
| Title |
ပိုၼ်းၵႅပ်းပၢင်ႇဢူးဢမ်ႇၼၼ်ႁူဝ်ပၢင်ႇလူင် |
| Remainder of title |
An essay on Pyin Oo Lwin / |
| Statement of responsibility, etc. |
ၸၢႆးဢေးမွင်ႇ (ႁူဝ်ပၢင်ႇလူင်)၊ ၸၢႆးထုၼ်ႈယီႈ |
| 260 ## - PUBLICATION, DISTRIBUTION, ETC. |
| Place of publication, distribution, etc. |
ႁူဝ်ပၢင်ႇလူင် |
| Name of publisher, distributor, etc. |
လိၼ်းဢွင်ႇ |
| Date of publication, distribution, etc. |
2018 |
| 300 ## - PHYSICAL DESCRIPTION |
| Extent |
41 ၼႃႈ |
| Other physical details |
ႁၢင်ႈ |
| Dimensions |
20 ၸိၼ်ႇထီႇ |
| 500 ## - GENERAL NOTE |
| General note |
S-SAT: Dr. Prof Sai Aung Tun |
|
| General note |
ပပ်ႉၸဝ်ႈတႃႇၼႁင်းၶေႃတွၵ်ႉတိူဝ်ႇၸၢႆးဢွင်ႇထုၼ်းလူႇတၢၼ်းဝႆႉ၊ တႅမ်ႈဝႆႉတင်း တႆး-ဢင်းၵိတ်းသွင်ၽႃႇသႃ |
| 650 ## - SUBJECT ADDED ENTRY--TOPICAL TERM |
| Topical term or geographic name entry element |
ပၢင်ႇဢူး-ပိုၼ်း |
| 942 ## - ADDED ENTRY ELEMENTS (KOHA) |
| Koha item type |
Book (Short term) |
| 100 ## - MAIN ENTRY--PERSONAL NAME |
| 9 (RLIN) |
65620 |
| 650 ## - SUBJECT ADDED ENTRY--TOPICAL TERM |
| 9 (RLIN) |
27797 |
|
| Source of classification or shelving scheme |
|
|
| Source of classification or shelving scheme |
|